| 000 | 006780000a22002290004500 | ||
|---|---|---|---|
| 999 |
_c5486 _d5486 |
||
| 003 | LSTLib | ||
| 008 | 211025b ||||| |||| 00| 0 eng d | ||
| 020 | _aNot given | ||
| 041 | _aeng | ||
| 082 |
_a347.23 _bRAJ |
||
| 100 |
_aRajakaruna, Jayasena _915792 |
||
| 245 |
_aLaw of Property : Volume 02 _bComplete Digest of al the decided cases Reported in.... |
||
| 250 | _a1 | ||
| 260 |
_aKuliyapitiya _bJayasena Rajakaruna _c2001 |
||
| 300 | _a205 p. | ||
| 650 |
_aAgrarian Services _96077 |
||
| 650 |
_aLand Settlement _96078 |
||
| 650 |
_aLaw _9728 |
||
| 650 |
_aSri Lanka _96079 |
||
| 650 |
_aWaste Land Ordinance _96080 |
||
| 942 |
_cTB _k347.23 _mRAJ _2ddc |
||